Загрузка...
Advances in nuclear physics
| Главный автор: | |
|---|---|
| Формат: | Printed Book |
| Язык: | English |
| Опубликовано: |
New york
Plenum press
1972
|
| Предметы: |
| LEADER | 00550nam a22001817a 4500 | ||
|---|---|---|---|
| 005 | 20151217143822.0 | ||
| 008 | 100113t xxu||||| |||| 00| 0 eng d | ||
| 020 | |a 0306391058 | ||
| 080 | |a 539.1 |b BRA.5 | ||
| 100 | |a Baranger, Michel Ed. by |9 8777 | ||
| 245 | |a Advances in nuclear physics | ||
| 260 | |a New york |b Plenum press |c 1972 | ||
| 300 | |a 484p. | ||
| 500 | |a v.5 | ||
| 653 | |a Nuclear physics | ||
| 942 | |c BK |6 _ | ||
| 999 | |c 141847 |d 141847 | ||
| 952 | |0 0 |1 0 |2 ddc |4 0 |6 5391_BRA5 |7 0 |9 180130 |a DST |b DST |d 2010-01-13 |o 539.1 BRA.5 |p DST00695 |r 2013-06-19 |w 2013-06-19 |y BK | ||